[Event "Botvinnik 100th Open"]
[Site "St Petersburg RUS"]
[Date "2011.08.16"]
[Round "5"]
[White "Biriukov, Oleg V."]
[Black "Kaganov, Dmitry"]
[Result "1-0"]
[WhiteTitle "IM"]
[WhiteElo "2339"]
[BlackElo "2160"]
[WhiteFideId "4123174"]
[BlackFideId "4112482"]
[EventDate "2011.08.12"]

1. d4 Nf6 2. c4 c5 3. d5 d6 4. Nc3 g6 5. e4 Bg7 6. Bd3 e6 7. h3 exd5 8. cxd5 O-O
9. Nf3 Na6 10. O-O Nc7 11. Re1 Nd7 12. Bf1 a6 13. a4 Rb8 14. Bf4 Ne5 15. Nxe5
Bxe5 16. Bxe5 dxe5 17. a5 Ne8 18. Qd2 Bd7 19. Nb1 Rc8 20. Na3 Nd6 21. Nc4 Qe7
22. Nxd6 Qxd6 23. Bc4 Kg7 24. Ra3 Rb8 25. Qe2 b5 26. axb6 Qxb6 1-0

[Event "Botvinnik 100th Open"]
[Site "St Petersburg RUS"]
[Date "2011.08.16"]
[Round "5"]
[White "Tarasova, Viktoriya"]
[Black "Aseev, Vladimir"]
[Result "0-1"]
[WhiteTitle "WIM"]
[WhiteElo "2290"]
[BlackElo "2116"]
[WhiteFideId "4175840"]
[BlackFideId "24121371"]
[EventDate "2011.08.12"]

1. d4 Nf6 2. c4 g6 3. Nc3 Bg7 4. e4 d6 5. f4 c5 6. dxc5 Qa5 7. Bd3 Qxc5 8. Qe2
Bg4 9. Nf3 Na6 10. Be3 Qc8 11. O-O O-O 12. h3 Bd7 13. e5 Nh5 14. Qf2 Nb4 15. Bb1
f5 16. a3 Nc6 17. exd6 e5 18. Nxe5 Nxe5 19. fxe5 f4 20. Bd4 f3 21. Be4 fxg2 22.
Qxg2 Bxh3 23. Bd5+ Be6 24. Rxf8+ Bxf8 25. Rf1 Qd7 26. Ne4 Bxd5 27. cxd5 Bg7 28.
Bc3 Qb5 29. Ng5 Qc5+ 30. Kh1 Qe3 31. Rf3 Qc1+ 32. Qg1 Qc2 33. e6 Bh6 34. Qd4
Qc1+ 35. Kh2 Bg7 36. Qg4 Bxc3 37. Rxc3 Qxb2+ 0-1

[Event "Botvinnik 100th Open"]
[Site "St Petersburg RUS"]
[Date "2011.08.16"]
[Round "5"]
[White "Kiselev, Pavel"]
[Black "Popov, Valerij"]
[Result "0-1"]
[BlackTitle "GM"]
[WhiteElo "2191"]
[BlackElo "2550"]
[WhiteFideId "4191102"]
[BlackFideId "4119410"]
[EventDate "2011.08.12"]

1. e4 c5 2. Nf3 d6 3. d4 cxd4 4. Nxd4 Nf6 5. Nc3 a6 6. Be3 e5 7. Nb3 Be6 8. f3
Be7 9. Qd2 h5 10. O-O-O Nbd7 11. Kb1 Rc8 12. Nd5 Bxd5 13. exd5 Nb6 14. Qa5 Nc4
15. Bxc4 Rxc4 16. Bb6 Qd7 17. Rd3 O-O 18. Rhd1 Rfc8 19. Qd2 Rxc2 20. Qxc2 Rxc2
21. Kxc2 Qf5 22. Kc3 e4 23. fxe4 Qxe4 24. g3 Ng4 25. Na5 Qa4 26. Nb3 Bf6+ 27.
Kc2 Qxa2 28. Rb1 Qa4 29. Rbd1 Ne5 30. Rc3 Qe4+ 31. Kc1 Bg5+ 32. Nd2 Nc4 0-1

[Event "Botvinnik 100th Open"]
[Site "St Petersburg RUS"]
[Date "2011.08.16"]
[Round "5"]
[White "Solovyov, Viktor"]
[Black "Androsov, Sergey"]
[Result "1-0"]
[WhiteElo "2264"]
[BlackElo "2090"]
[WhiteFideId "4102754"]
[BlackFideId "4102681"]
[EventDate "2011.08.12"]

1. d4 Nf6 2. c4 e6 3. g3 b6 4. Bg2 d5 5. Nf3 Ba6 6. cxd5 exd5 7. O-O Bd6 8. Nc3
O-O 9. Bg5 c6 10. Re1 Bb4 11. Rc1 Bb7 12. a3 Be7 13. Qc2 Nbd7 14. Bf4 Rc8 15.
Rcd1 c5 16. Qb1 a6 17. dxc5 Bxc5 18. Na4 Ne4 19. Nxc5 bxc5 20. Ne5 Ndf6 21. Bh3
Ra8 22. Nc4 Qe7 23. Na5 g5 24. Bc1 Bc8 25. Bxc8 Rfxc8 26. f3 Nxg3 27. hxg3 Qc7
28. Kg2 Qxa5 29. Bxg5 Nd7 30. Rxd5 Nf8 31. Bd2 Qb6 32. Rg5+ Ng6 33. Bc3 Qe6 34.
Qc1 Ra7 35. Rh5 f6 36. Qc2 Re7 37. Qf5 Rce8 38. Qxe6+ Rxe6 39. Kf2 Ne5 40. Rd1
Ng6 41. e4 Ne5 42. Rd5 Kg7 43. Bxe5 fxe5 44. Rxc5 Kg6 45. g4 h6 46. b4 R8e7 47.
Kg3 Kg7 48. Rh1 Kg6 49. Rd5 Rc7 50. Rhd1 Rc3 51. R1d3 Rcc6 52. Kh4 Rc1 53. Rd6
Kf6 54. Rxe6+ Kxe6 55. Kh5 Rh1+ 56. Kg6 Rh3 57. Rc3 h5 58. gxh5 Rg3+ 59. Kh7 Kd6
60. h6 1-0

[Event "Botvinnik 100th Open"]
[Site "St Petersburg RUS"]
[Date "2011.08.16"]
[Round "5"]
[White "Vunder, Yakov"]
[Black "Opanasenko, Mikhail"]
[Result "1-0"]
[WhiteElo "2212"]
[BlackElo "2017"]
[WhiteFideId "4161955"]
[BlackFideId "24176834"]
[EventDate "2011.08.12"]

1. c4 e6 2. Nf3 Nf6 3. Nc3 d5 4. d4 Be7 5. cxd5 exd5 6. Bg5 c6 7. Qc2 O-O 8. e3
Nbd7 9. Bd3 Re8 10. h3 Nf8 11. O-O Ne4 12. Bf4 Nxc3 13. bxc3 Bd6 14. Bxd6 Qxd6
15. c4 Bd7 16. Rab1 Rab8 17. Ne5 Ng6 18. f4 Nf8 19. cxd5 cxd5 20. Nxd7 Nxd7 21.
Bxh7+ Kh8 22. Bf5 Nb6 23. Qf2 g6 24. Bd3 Qe6 25. Rbe1 f5 26. g4 Re7 27. gxf5
gxf5 28. Kh2 Nd7 29. Rg1 Rh7 30. Rg5 Rf8 31. Reg1 Nb6 32. Qg3 Qe8 33. Bxf5 Rh6
34. Rh5 1-0

[Event "Botvinnik 100th Open"]
[Site "St Petersburg RUS"]
[Date "2011.08.16"]
[Round "5"]
[White "Ljubarov, Mark"]
[Black "Kuznetsov, Nikolay P."]
[Result "0-1"]
[BlackTitle "FM"]
[WhiteElo "2115"]
[BlackElo "2299"]
[WhiteFideId "4142110"]
[BlackFideId "4175379"]
[EventDate "2011.08.12"]

1. e4 c5 2. Nf3 d6 3. c3 Nf6 4. h3 Nc6 5. d4 cxd4 6. cxd4 Nxe4 7. d5 Qa5+ 8. Nc3
Nxc3 9. bxc3 Ne5 10. Nxe5 Qxc3+ 11. Bd2 Qxe5+ 12. Be2 Qxd5 13. O-O e6 14. Rb1
Be7 15. Qa4+ Bd7 16. Bb5 Bc6 17. Bxc6+ Qxc6 18. Qg4 Bf6 19. Rfc1 Qd7 20. Qe4 Rb8
21. Be3 b6 22. Rc6 O-O 23. Rbc1 Rbc8 24. Qa4 Rxc6 25. Rxc6 d5 26. Qc2 Be5 27. f4
Bd6 28. Rc3 Bb8 29. Qf2 f6 30. a3 e5 31. Qa2 exf4 32. Bd2 Qe6 33. Rd3 Rd8 0-1

[Event "Botvinnik 100th Open"]
[Site "St Petersburg RUS"]
[Date "2011.08.16"]
[Round "5"]
[White "Abuladze, Lana"]
[Black "Martynov, Pavel2"]
[Result "0-1"]
[WhiteTitle "WFM"]
[WhiteElo "2048"]
[BlackElo "2237"]
[WhiteFideId "24111210"]
[BlackFideId "4122186"]
[EventDate "2011.08.12"]

1. e4 c5 2. d3 Nc6 3. g3 g6 4. Bg2 Bg7 5. f4 d6 6. Nf3 e6 7. O-O Nge7 8. c3 O-O
9. Na3 Bd7 10. Be3 Rc8 11. Bf2 b6 12. Re1 d5 13. e5 a6 14. Nc2 b5 15. d4 cxd4
16. Nfxd4 g5 17. Qg4 Ng6 18. h4 gxh4 19. gxh4 h5 20. Qg3 Bh6 21. f5 exf5 22. e6
Bf4 23. exf7+ Kg7 24. Qf3 Nce5 25. Qxd5 Rxf7 26. Ne6+ Bxe6 27. Qxe6 Rf6 28. Nd4
Qf8 29. Qd5 Re8 30. Nf3 Rd8 31. Qc5 Qxc5 32. Bxc5 Nxf3+ 33. Bxf3 Ne5 34. Bg2 Rg6
35. Kf1 Rd2 36. Bf2 Rxg2 37. Kxg2 Ng4 38. Rf1 Be3 39. Rad1 Rxb2 40. Rb1 Rc2 41.
Kf3 Bxf2 42. Rbc1 Rxa2 43. Ra1 Rb2 44. Rxa6 Bxh4 0-1

[Event "Botvinnik 100th Open"]
[Site "St Petersburg RUS"]
[Date "2011.08.16"]
[Round "5"]
[White "Krivonos, Nikolay"]
[Black "Menkov, Aleksandr"]
[Result "0-1"]
[WhiteElo "2296"]
[BlackElo "2143"]
[WhiteFideId "4154568"]
[BlackFideId "24160326"]
[EventDate "2011.08.12"]

1. c4 Nf6 2. Nc3 g6 3. d4 Bg7 4. g3 O-O 5. Bg2 d6 6. Nf3 Nc6 7. Bf4 Nh5 8. Be3
f5 9. Qd2 e5 10. Bg5 Qd7 11. dxe5 dxe5 12. Qxd7 Bxd7 13. O-O-O Be6 14. Nd5 e4
15. Ne1 Rf7 16. Nc2 Ne5 17. Nce3 c6 18. Nf4 Nxf4 19. Bxf4 Nxc4 20. b3 Nxe3 21.
Bxe3 Bd5 22. Kc2 a5 23. a3 a4 24. bxa4 Rxa4 25. Kb1 Rxa3 26. Bd4 Bxd4 27. Rxd4
b5 28. Rc1 Rfa7 29. Kc2 Ra1 30. Rxa1 Rxa1 31. f3 Ra2+ 32. Kc3 e3 33. Bf1 Ra1 34.
Bh3 Rh1 35. Kd3 Rxh2 36. Bf1 Rh1 37. Bg2 Rg1 38. Bh3 Rxg3 39. Bf1 Rg1 40. Bh3 c5
41. Rh4 Rh1 42. Kxe3 b4 43. Kd2 Bf7 44. f4 Bd5 45. Kd3 Bg2 46. Bxg2 Rxh4 0-1

[Event "Botvinnik 100th Open"]
[Site "St Petersburg RUS"]
[Date "2011.08.16"]
[Round "5"]
[White "Skvortsov, Alexander"]
[Black "Nikolaev, Leonid"]
[Result "1-0"]
[BlackTitle "FM"]
[WhiteElo "2103"]
[BlackElo "2342"]
[WhiteFideId "24170038"]
[BlackFideId "14103249"]
[EventDate "2011.08.12"]

1. e4 c5 2. Nf3 Nc6 3. Bb5 g6 4. Bxc6 bxc6 5. O-O Bg7 6. c3 e5 7. d4 cxd4 8.
cxd4 exd4 9. Nxd4 Ne7 10. Nc3 O-O 11. Bg5 Ba6 12. Re1 f6 13. Bf4 Bc4 14. Qa4 Bf7
15. Rad1 Qb6 16. Nb3 d5 17. Bd6 Rfe8 18. exd5 Nxd5 19. Rxe8+ Rxe8 20. Nxd5 Bxd5
21. Bc5 Qb7 22. h3 f5 23. Be3 Qf7 24. Nd4 f4 25. Bc1 Qf6 26. Nf3 Bxf3 27. gxf3
Qg5+ 28. Kh2 Qc5 29. Kg2 g5 30. Qb3+ Kh8 31. Qf7 Rf8 32. Qd7 Qc2 33. Re1 c5 34.
Re8 h6 35. Rxf8+ Bxf8 36. Qf7 Bg7 37. Qe8+ Kh7 38. Qe4+ Qxe4 39. fxe4 c4 40. b3
c3 41. Kf3 Kg6 42. b4 h5 43. b5 g4+ 44. hxg4 h4 45. a4 Be5 46. a5 Bc7 47. a6 Bb8
48. e5 Bxe5 49. b6 Bb8 50. bxa7 Bxa7 51. Bxf4 c2 52. Kg2 Bb6 53. f3 Ba7 54. Bc1
Bd4 55. f4 Kf6 56. Kf3 Ba7 57. f5 Bb8 58. Kg2 Ba7 59. Bb2+ Kg5 60. f6 Kg6 61. g5
Bd4 62. Bc1 Ba7 63. Kh3 Bf2 64. Kg4 Kf7 65. Kf5 Bc5 66. g6+ Ke8 67. Kg4 Bd4 68.
f7+ 1-0

[Event "Botvinnik 100th Open"]
[Site "St Petersburg RUS"]
[Date "2011.08.16"]
[Round "5"]
[White "Pen, Pyotr"]
[Black "Bezulenko, Evgeny"]
[Result "1-0"]
[WhiteElo "2175"]
[BlackElo "1928"]
[WhiteFideId "24129950"]
[BlackFideId "24105996"]
[EventDate "2011.08.12"]

1. e4 g6 2. d4 Bg7 3. Nc3 d6 4. Nf3 Nf6 5. Bg5 c6 6. h3 b5 7. a3 Qa5 8. Bd3 b4
9. axb4 Qxb4 10. O-O O-O 11. Qd2 Re8 12. e5 dxe5 13. Nxe5 Nd5 14. Nxd5 Qxd2 15.
Nxe7+ Rxe7 16. Bxd2 Bxe5 17. dxe5 Rxe5 18. Bf4 Re7 19. Bg5 Rb7 20. Rfe1 Be6 21.
b3 Nd7 22. Ba6 Rb6 23. Be3 c5 24. Bd3 Rd6 25. Be4 Re8 26. Bf4 Rb6 27. Bc7 Rb4
28. Ba5 Rd4 29. Bc3 Rd6 30. Rxa7 Bd5 31. Bxd5 Rxe1+ 32. Bxe1 Rxd5 33. Bc3 Rd1+
34. Kh2 Kf8 35. b4 Ke8 36. Ra8+ Ke7 37. bxc5 Rc1 38. Bb4 Ke6 39. Ra6+ Ke5 40. c6
Nf6 41. Bc3+ Ke6 42. Bxf6 Rxc2 43. c7+ Kd7 44. Be5 1-0

[Event "Botvinnik 100th Open"]
[Site "St Petersburg RUS"]
[Date "2011.08.16"]
[Round "5"]
[White "Atlas, Eduard"]
[Black "Nadjezhdin, Dmitry"]
[Result "1/2-1/2"]
[BlackTitle "IM"]
[WhiteElo "2069"]
[BlackElo "2329"]
[WhiteFideId "24111767"]
[BlackFideId "4126173"]
[EventDate "2011.08.12"]

1. e4 c5 2. c3 d5 3. exd5 Qxd5 4. d4 e6 5. Nf3 Nf6 6. Be2 Be7 7. Na3 cxd4 8. Nb5
Na6 9. Nbxd4 O-O 10. O-O Rd8 11. Qb3 Nc5 12. Qxd5 Nxd5 13. Nb3 Nxb3 14. axb3 f6
15. Nd4 a6 16. Bf3 Kf7 17. Nc2 Rb8 18. Ne3 Nb6 19. Nc4 Nxc4 20. bxc4 Bd7 21. Be3
Rdc8 22. Ba7 Ra8 23. Bb6 Bc6 24. Rfd1 Bxf3 25. gxf3 Ke8 26. b3 Bd8 27. Rd6 Ke7
28. c5 Bc7 29. Bxc7 Rxc7 30. b4 Rd8 31. Rxd8 Kxd8 32. Kf1 e5 33. Ke2 Ke7 34. Ke3
g5 35. Rd1 Rd7 36. Ra1 Rc7 37. Rd1 a5 38. Ra1 axb4 39. cxb4 Rd7 40. Ra7 Ke6 41.
b5 h5 42. c6 bxc6 43. Ra6 Rc7 44. bxc6 f5 45. Ra8 Rxc6 46. Rh8 Rc3+ 47. Ke2 g4
48. Rxh5 Rxf3 49. Rh8 Ra3 50. Re8+ Kd5 51. Kf1 Kd4 1/2-1/2

[Event "Botvinnik 100th Open"]
[Site "St Petersburg RUS"]
[Date "2011.08.16"]
[Round "5"]
[White "Toivonen, Alexander V."]
[Black "Senkevich, Konstantin"]
[Result "0-1"]
[WhiteTitle "FM"]
[WhiteElo "2292"]
[BlackElo "2020"]
[WhiteFideId "4107918"]
[BlackFideId "4192389"]
[EventDate "2011.08.12"]

1. d4 d5 2. c4 c6 3. Nf3 Nf6 4. Nc3 dxc4 5. a4 Nd5 6. e4 Nxc3 7. bxc3 b5 8. Be2
e6 9. O-O Be7 10. Bf4 O-O 11. Qc2 Nd7 12. axb5 cxb5 13. Rfb1 a6 14. Rxb5 axb5
15. Rxa8 Qb6 16. Qb1 Ba6 17. Rxf8+ Bxf8 18. Qa2 Bb7 19. Qc2 Qa5 20. h3 Qa1+ 21.
Kh2 Nb6 22. e5 Na4 23. Bd2 Be7 24. Ng1 Bd8 25. Bg4 Ba5 26. Ne2 Qf1 27. Nf4 g5
28. f3 gxf4 29. Bxf4 Bxc3 30. Bh5 Bxd4 31. Bxf7+ Kh8 32. Bxe6 Bxf3 33. Kg3 Be2 0-1

[Event "Botvinnik 100th Open"]
[Site "St Petersburg RUS"]
[Date "2011.08.16"]
[Round "5"]
[White "Novoselov, Igor"]
[Black "Bulavin, Alexander"]
[Result "0-1"]
[WhiteElo "1964"]
[BlackElo "2196"]
[WhiteFideId "24193950"]
[BlackFideId "4178033"]
[EventDate "2011.08.12"]

1. e4 e5 2. Nc3 Nc6 3. Bc4 Bc5 4. d3 d6 5. Nf3 h6 6. Be3 Bxe3 7. fxe3 Na5 8. Bb3
Nxb3 9. axb3 Ne7 10. O-O Ng6 11. d4 Be6 12. dxe5 dxe5 13. Qe2 c6 14. Rfd1 Qe7
15. Ra5 f6 16. Rda1 a6 17. Nd2 Rd8 18. Rd1 O-O 19. Raa1 Qc5 20. Rac1 b5 21. Nf3
a5 22. Ra1 Qb6 23. Rxd8 Rxd8 24. Rd1 Rxd1+ 25. Nxd1 Qc5 26. g3 Bg4 27. Kg2 Nh8
28. h3 Bxf3+ 29. Kxf3 Nf7 30. h4 Qb4 31. Nc3 Nd6 32. Qd3 h5 33. Ke2 Kf7 34. Na2
Qc5 35. Nc3 Ke7 36. Kf3 Qb4 37. Kf2 a4 38. bxa4 Qxb2 39. axb5 Qxc3 40. bxc6 Qxc6
41. Qa3 Qxc2+ 42. Kf1 Qxe4 0-1

[Event "Botvinnik 100th Open"]
[Site "St Petersburg RUS"]
[Date "2011.08.16"]
[Round "5"]
[White "Kazantsev, Alexandr"]
[Black "Balaian, Alina"]
[Result "0-1"]
[WhiteElo "1958"]
[BlackElo "2163"]
[WhiteFideId "24181668"]
[BlackFideId "24115347"]
[EventDate "2011.08.12"]

1. e4 e6 2. d4 d5 3. Nd2 Nf6 4. e5 Nfd7 5. c3 c5 6. Bd3 Nc6 7. Ngf3 Be7 8. Bc2
b6 9. O-O Ba6 10. Re1 cxd4 11. cxd4 Nb4 12. Ba4 Rc8 13. Nf1 Qc7 14. Be3 Nd3 15.
Re2 O-O 16. Rd2 Nb4 17. a3 Nc6 18. Rc1 b5 19. Bc2 Nb6 20. b4 Nc4 21. Rd3 Nb2 22.
Qe2 Nxd3 23. Qxd3 g6 24. Bb1 Qb7 25. h4 Nb8 26. h5 Rxc1 27. Bxc1 Qc7 28. Bh6 Rc8
29. hxg6 hxg6 30. Bg5 Bxg5 31. Nxg5 Qc3 32. Qd1 Qc1 33. Qg4 Qxb1 34. Qh4 Kf8 35.
Qh7 Qf5 36. Qh6+ Ke8 37. Nh7 Kd7 38. Ng3 Qb1+ 39. Kh2 Kc6 40. Qg7 Rc7 41. Nf6
Kb7 42. Ne8 Qc2 43. f4 Ka8 44. Nxc7+ Qxc7 45. f5 gxf5 46. Nxf5 exf5 0-1

[Event "Botvinnik 100th Open"]
[Site "St Petersburg RUS"]
[Date "2011.08.16"]
[Round "5"]
[White "Dushin, Nikolay"]
[Black "Lupik, Marina"]
[Result "0-1"]
[BlackTitle "WIM"]
[WhiteElo "2010"]
[BlackElo "2212"]
[WhiteFideId "4114612"]
[BlackFideId "4177495"]
[EventDate "2011.08.12"]

1. d4 Nf6 2. Nf3 c5 3. e3 g6 4. Nbd2 d6 5. dxc5 dxc5 6. Bb5+ Nbd7 7. a4 Bg7 8.
O-O O-O 9. e4 Qc7 10. Re1 Nb8 11. Bc4 Nc6 12. h3 Rd8 13. c3 h6 14. Qb3 e6 15.
Qc2 b6 16. Bf1 Bb7 17. Nc4 a6 18. e5 Nd5 19. Nd6 Nxe5 20. Nxe5 Rxd6 21. Nxg6
fxg6 22. Qxg6 Qf7 23. Qg3 e5 24. Bd3 Nf4 25. Bc2 Kh8 26. f3 Rg8 27. Bxf4 exf4
28. Qf2 Bf6 29. Re2 c4 30. Be4 Bc8 31. Kf1 Qh5 32. Rd2 Bh4 33. Qe2 Rxd2 34. Qxd2
Qc5 35. Rd1 Bxh3 0-1

[Event "Botvinnik 100th Open"]
[Site "St Petersburg RUS"]
[Date "2011.08.16"]
[Round "5"]
[White "Gopkin, Nikolaj"]
[Black "Novikov, Mikhael Ivanovich"]
[Result "1-0"]
[WhiteElo "2221"]
[BlackElo "1926"]
[WhiteFideId "4134869"]
[BlackFideId "24128708"]
[EventDate "2011.08.12"]

1. d4 d5 2. e3 Nf6 3. Bd3 Nc6 4. c4 e5 5. Ne2 Bb4+ 6. Nbc3 O-O 7. cxd5 Nxd5 8.
O-O exd4 9. exd4 Nxc3 10. bxc3 Bd6 11. Qc2 Qh4 12. f4 Ne7 13. c4 c6 14. Bb2 Bg4
15. Ng3 Ng6 16. Qd2 Qh6 17. Bc1 Bd7 18. Nf5 Bxf5 19. Bxf5 Rae8 20. Rb1 Re7 21.
Rb3 Rfe8 22. Rh3 Re2 23. Rxh6 Rxd2 24. Bxd2 gxh6 25. Bd3 Re7 26. f5 Nf8 27. Bxh6
f6 28. c5 Bc7 29. Bc4+ Rf7 30. Re1 1-0

[Event "Botvinnik 100th Open"]
[Site "St Petersburg RUS"]
[Date "2011.08.16"]
[Round "5"]
[White "Tkachev, Ivan"]
[Black "Timirev, Sergey"]
[Result "1-0"]
[WhiteElo "2047"]
[BlackElo "1823"]
[WhiteFideId "4186885"]
[BlackFideId "24181676"]
[EventDate "2011.08.12"]

1. c4 f5 2. g3 Nf6 3. Bg2 e6 4. Nf3 Be7 5. O-O O-O 6. b3 d6 7. d4 d5 8. Nc3 c6
9. a4 Ne4 10. Bb2 Nd7 11. e3 Bd6 12. Qe2 Qe8 13. a5 Qh5 14. Qd1 g5 15. Nxe4 fxe4
16. Ne5 Qxd1 17. Raxd1 Nxe5 18. dxe5 Bb4 19. Ra1 g4 20. Rfd1 Rf7 21. Bd4 Bf8 22.
Bf1 Bd7 23. h3 c5 24. Bc3 Bc6 25. hxg4 Be7 26. g5 Bxg5 27. Bh3 Re8 28. Bxe6 Rxe6
29. cxd5 Bxd5 30. Rxd5 Rg6 31. Rxc5 h5 32. Rc8+ Kh7 33. Kg2 Re6 34. Rh1 Kg6 35.
Rg8+ Rg7 36. Rxg7+ Kxg7 37. Rxh5 Kg6 38. Rh8 Rc6 39. Bd4 a6 40. Rb8 Rc7 41. g4
Be7 42. Bb6 Rd7 43. e6 Rd6 44. Bc5 Rxe6 45. Re8 1-0

[Event "Botvinnik 100th Open"]
[Site "St Petersburg RUS"]
[Date "2011.08.16"]
[Round "5"]
[White "Kharchenko, Daniil"]
[Black "Petrova, Irina"]
[Result "1-0"]
[BlackTitle "WFM"]
[WhiteElo "1938"]
[BlackElo "2125"]
[WhiteFideId "24101664"]
[BlackFideId "14124122"]
[EventDate "2011.08.12"]

1. e4 g6 2. d4 Bg7 3. Nf3 d6 4. g3 Nf6 5. Nc3 O-O 6. Bg2 c6 7. O-O b5 8. e5 Ne8
9. exd6 Nxd6 10. Bf4 Bb7 11. Ne5 Qb6 12. a4 a5 13. Re1 b4 14. Ne4 Nxe4 15. Bxe4
Rd8 16. c3 Nd7 17. Nc4 Qa7 18. Bg2 Re8 19. Ne5 Nxe5 20. Bxe5 Rad8 21. Qf3 Ba8
22. Qe2 c5 23. Bxa8 Rxa8 24. Bxg7 Kxg7 25. Qe5+ f6 26. Qf4 cxd4 27. cxd4 Rad8
28. Rad1 Qd7 29. b3 Rc8 30. Qe4 Qc6 31. d5 Qd6 32. Rd3 Rc7 33. h4 Rec8 34. Kg2
Rd7 35. h5 Rc3 36. Ree3 Rxd3 37. Rxd3 e6 38. hxg6 hxg6 39. Qc4 exd5 40. Qb5 Qe7
41. Rd4 Qd8 42. Qc5 Kf7 43. Qb5 Rd6 44. Qc5 Ke6 45. Qb5 Qb6 46. Qe8+ Kf5 47. g4+
Kg5 48. Qe3+ 1-0

[Event "Botvinnik 100th Open"]
[Site "St Petersburg RUS"]
[Date "2011.08.16"]
[Round "5"]
[White "Safronov, Kirill"]
[Black "Saduakassova, Dinara"]
[Result "1-0"]
[BlackTitle "WFM"]
[WhiteElo "1942"]
[BlackElo "2244"]
[WhiteFideId "24141976"]
[BlackFideId "13700090"]
[EventDate "2011.08.12"]

1. d4 Nf6 2. Nf3 e6 3. g3 d5 4. Bg2 b5 5. a4 b4 6. c4 dxc4 7. Ne5 Nd5 8. Nxc4
Ba6 9. Ne3 Bb7 10. Nxd5 Bxd5 11. f3 Bb7 12. O-O Nc6 13. Be3 Qd7 14. Qd3 Rd8 15.
Rd1 Be7 16. Bf2 Bf6 17. e3 Ne5 18. Qe2 Ng6 19. Nd2 O-O 20. Nb3 Be7 21. Na5 Qd5
22. Qb5 Ba8 23. e4 Qd6 24. Nb7 Bxb7 25. Qxb7 Qb6 26. Qxb6 axb6 27. Rdc1 Rc8 28.
Rc6 Bc5 29. dxc5 Ne7 30. Rxc7 Rxc7 31. cxb6 Rc2 32. a5 Rxb2 33. Bc5 b3 34. Bxe7
Ra2 35. Rb1 b2 36. Bf1 Re8 37. Bd6 Rxa5 38. b7 1-0

[Event "Botvinnik 100th Open"]
[Site "St Petersburg RUS"]
[Date "2011.08.16"]
[Round "5"]
[White "Bivol, Alina"]
[Black "Khatenever, Feliks"]
[Result "1-0"]
[WhiteTitle "WFM"]
[WhiteElo "2171"]
[BlackElo "1849"]
[WhiteFideId "4100123"]
[BlackFideId "4131800"]
[EventDate "2011.08.12"]

1. e4 e6 2. d4 d5 3. exd5 exd5 4. c4 Nf6 5. Nc3 Be7 6. Nf3 O-O 7. Bd3 Bg4 8. O-O
Nc6 9. Be3 dxc4 10. Bxc4 a6 11. h3 Bh5 12. g4 Bg6 13. Ne5 Nxe5 14. dxe5 Ne4 15.
Qxd8 Rfxd8 16. Nd5 Bc5 17. Bxc5 Nxc5 18. Nxc7 Rac8 19. Nd5 Kf8 20. Ne3 b5 21.
Bd5 a5 22. f4 Be4 23. Bxe4 Nxe4 24. Rfd1 g5 25. fxg5 Nxg5 26. Kg2 Ne6 27. Kg3 a4
28. Rd6 a3 29. bxa3 Rxd6 30. exd6 Rc3 31. Kf2 Rxa3 32. h4 Ra4 33. Rd1 Rxa2+ 34.
Kf3 Ra8 35. Nd5 Rd8 36. Nc7 b4 37. Nxe6+ fxe6 38. Ke4 Ke8 39. Ke5 Kd7 40. Rf1
Rb8 41. Rf7+ Kc6 42. Rc7+ Kb6 43. Rc1 b3 44. d7 b2 45. Rc8 1-0

[Event "Botvinnik 100th Open"]
[Site "St Petersburg RUS"]
[Date "2011.08.16"]
[Round "5"]
[White "Pshenichny, Vladimir"]
[Black "Antipova, Anastasia"]
[Result "1-0"]
[WhiteElo "2025"]
[BlackElo "1794"]
[WhiteFideId "4199138"]
[BlackFideId "24178705"]
[EventDate "2011.08.12"]

1. c4 c5 2. Nf3 Nc6 3. d4 cxd4 4. Nxd4 g6 5. Nc3 Bg7 6. Nc2 Nh6 7. e4 d6 8. Be2
f5 9. O-O O-O 10. exf5 Nxf5 11. Nd5 b6 12. Rb1 Bb7 13. b3 e6 14. Nde3 Ncd4 15.
Nxf5 Nxf5 16. Bf3 Qc7 17. Bxb7 Qxb7 18. Ne3 Nxe3 19. Bxe3 d5 20. Qg4 Qf7 21.
Rbd1 Rac8 22. cxd5 exd5 23. Rd2 Rfd8 24. Rfd1 Rc7 25. g3 h5 26. Qg5 Bf6 27. Qf4
Rcd7 28. Bd4 Bxd4 29. Qxd4 Re8 30. f4 Qf5 31. Rc1 Kh7 32. Rcd1 Re4 33. Qc3 Qe6
34. Qc8 Re1+ 35. Kg2 Qe4+ 36. Kh3 Qe6+ 37. Kg2 Re2+ 38. Kf1 Rxd2 39. Rxd2 Qh3+
40. Kg1 Qf5 41. Qe8 Kg7 42. Kf2 Rc7 43. Qe5+ Qxe5 44. fxe5 Kf7 45. Ke3 Ke6 46.
Kd4 Rf7 47. Rc2 Rd7 48. Rc6+ Kf5 49. Rf6+ Kg5 50. h4+ Kh6 51. e6 Re7 52. Kxd5 1-0

[Event "Botvinnik 100th Open"]
[Site "St Petersburg RUS"]
[Date "2011.08.16"]
[Round "5"]
[White "Filin, Evgeny"]
[Black "Abramichev, Artyom"]
[Result "0-1"]
[WhiteElo "1705"]
[BlackElo "2029"]
[WhiteFideId "24184764"]
[BlackFideId "4135520"]
[EventDate "2011.08.12"]

1. Nf3 Nf6 2. g3 g6 3. Bg2 Bg7 4. O-O O-O 5. d3 d5 6. Nbd2 c6 7. Re1 Qc7 8. e4
dxe4 9. Nxe4 Nxe4 10. Rxe4 Bf5 11. Re1 e5 12. Nh4 Be6 13. f4 exf4 14. Bxf4 Qb6+
15. Be3 Qxb2 16. Rb1 Qxa2 17. Rxb7 Qa6 18. Qb1 Bc3 19. Rf1 Ba2 20. Rfxf7 Bxb1
21. Rxh7 Bxc2 22. d4 Qa1+ 23. Bf1 Qxf1# 0-1

[Event "Botvinnik 100th Open"]
[Site "St Petersburg RUS"]
[Date "2011.08.16"]
[Round "5"]
[White "Vager, Boris"]
[Black "Fedoseeva, Valentina"]
[Result "1-0"]
[WhiteTitle "FM"]
[WhiteElo "2127"]
[BlackElo "1885"]
[WhiteFideId "4118537"]
[BlackFideId "4169875"]
[EventDate "2011.08.12"]

1. d4 Nf6 2. Nf3 e6 3. Bg5 Be7 4. Nbd2 d5 5. e3 h6 6. Bh4 Nbd7 7. Bd3 c5 8. c3
Qb6 9. Qb3 c4 10. Qxb6 axb6 11. Bc2 b5 12. a3 b4 13. cxb4 Bxb4 14. O-O Be7 15.
h3 b5 16. g4 Bb7 17. Ne5 Nxe5 18. dxe5 Nd7 19. Bxe7 Kxe7 20. f4 Rhc8 21. Nf3 c3
22. b3 f6 23. exf6+ Nxf6 24. Nd4 Bc6 25. Rfc1 Bd7 26. Bd3 Ne4 27. Bxe4 dxe4 28.
b4 Rc4 29. Kf2 c2 30. Ne2 Be8 31. h4 Bd7 32. g5 hxg5 33. hxg5 e5 34. fxe5 Rf8+
35. Nf4 Rf5 36. Rg1 Kf7 37. Ke2 Rxe5 38. Kd2 g6 39. Rac1 Re8 40. Rxc2 Rxc2+ 41.
Kxc2 Be6 42. Nxe6 Rxe6 43. Rf1+ Kg7 1-0